| 000 | 02438nam2a22003731 4500 | ||
|---|---|---|---|
| 001 | v19\rc\1393256 | ||
| 005 | 20250618094333.0 | ||
| 035 | _a(NLR Aleph) 004525102 | ||
| 090 |
_a4906557 _c4906557 |
||
| 100 | _a20060512d1871 |||y0rusy50 ca | ||
| 101 | 1 |
_arus _cger |
|
| 102 | _aRU | ||
| 105 | _ay z ||||| | ||
| 200 | 1 |
_a[Шестой период восемнадцатого столетия и первые пятнадцать лет девятнадцатого _fС предисл. М.А. Антоновича, указателем к целому сочинению и портр. Шлоссера] |
|
| 210 |
_d1871 _aБ. м. |
||
| 215 | _a[4], LXXXVI, 484, 123 с. | ||
| 300 | _aУказ. на тит. л. портр. Шлоссера отсутствует | ||
| 461 | 0 |
_1001v19\rc\1393248 _12001#$aИстория восемнадцатого столетия и девятнадцатого до падения Французской империи с особенно подробным изложением хода литературы$eПер. с 4 испр. изд.$f[Соч.] Ф.К. Шлоссера, проф. истории при Гейдельберг. ун-те$vТ. 8 _1700#1$aШлоссер$bФ.К.$f1776-1861$gФридрих Кристоф _94906478 _aШлоссер, Ф.К. (1776-1861) _cСанкт-Петербург _d1868-1871 _e2-е изд. Т. 1-8 _f[Соч.] Ф.К. Шлоссера, проф. истории при Гейдельберг. ун-те _nЧеркесов _oПер. с 4 испр. изд. _p8 т. _tИстория восемнадцатого столетия и девятнадцатого до падения Французской империи с особенно подробным изложением хода литературы _vТ. 8 |
|
| 540 | 1 | _aШестой период восемнадцатого столетия и первые пятнадцать лет девятнадцатого | |
| 702 | 1 |
_aАнтонович _bМ.А. _f1835-1918 _gМаксим Алексеевич _4080 |
|
| 801 | 0 |
_aRU _bNLR _gpsbo |
|
| 801 | 0 |
_aRU _bRuMoRGB _2psbo |
|
| 801 | 1 |
_aRU _bProSoft-M _2rusmarc |
|
| 852 |
_aNLR _j18.60.4.38 |
||
| 899 | _aНБ СПбГУ | ||
| 899 | _aГПИБ | ||
| 899 | _aНБ МГУ | ||
| 899 |
_aRuMoRGB _jРб 6/1832 |
||
| 899 | _aБАН | ||
| 899 |
_aRuMoRGB _jM 62/86 |
||
| 899 |
_aRuMoRGB _jB 58/5 |
||
| 899 |
_aRuMoRGB _jR 103/48 |
||
| 942 | _cBOOK | ||
| 980 | _aNB | ||